Audregnies : the flank guard action and the First Cavalry charge of the Great War, 24 August 1914 /

Bibliographic Details
Main Author: Watson, Philip (Author)
Format: Book
Language:English
Published: Warwick, England : Helion & Company Limited, [2019]
Subjects:

MARC

Tag First Indicator Second Indicator Subfields
LEADER 00000cam a2200000Ii 4500
001 in00004112439
005 20200420140457.0
008 180817t20192019enkabf b 001 0 eng d
020 |a 9781911628972  |q (pbk.) 
020 |a 1911628976  |q (pbk.) 
035 |a (OCoLC)on1048947272 
040 |a YDX  |e rda  |c YDX  |d BDX  |d UAB  |d UtOrBLW 
043 |a e-be--- 
049 |a TXAM 
050 4 |a D521  |b .W347 2019 
082 0 |a 940.4144  |2 23 
100 1 |a Watson, Philip,  |e author.  |0 http://id.loc.gov/authorities/names/n2015022614 
245 1 0 |a Audregnies :  |b the flank guard action and the First Cavalry charge of the Great War, 24 August 1914 /  |c Philip Watson. 
264 1 |a Warwick, England :  |b Helion & Company Limited,  |c [2019] 
264 4 |c ©2019 
300 |a 342 pages, 8 unnumbered pages of color plates :  |b illustrations, maps ;  |c 25 cm. 
336 |a text  |b txt  |2 rdacontent 
337 |a unmediated  |b n  |2 rdamedia 
338 |a volume  |b nc  |2 rdacarrier 
504 |a Includes bibliographical references (pages 318-330) and index. 
650 0 |a World War, 1914-1918  |x Campaigns  |z Belgium.  |0 http://id.loc.gov/authorities/subjects/sh85148244 
650 0 |a World War, 1914-1918  |x Cavalry operations. 
945 |b 273154 
947 |a A14850812455 
948 |a cataloged  |b h  |c 2019/12/13  |d c  |e dmitchel  |f 2:44:16 pm 
994 |a 92  |b TXA 
999 f f |s d1ab4766-a1ee-3cd8-a0fb-16cf39e741d0  |i 095e737a-b18a-31d1-8fa1-6c91f80e8f27  |t 0 
952 f f |p normal  |a Texas A&M University  |b College Station  |c Sterling C. Evans Library  |d Evans: Library Stacks  |t 0  |e D521 .W347 2019  |h Library of Congress classification  |i unmediated -- volume  |m A14850812455 
998 f f |a D521 .W347 2019  |t 0  |l Evans: Library Stacks